A history of the Black Watch <Royal Highlanders> in the great war, 1914-1918, (Record no. 552419)
[ view plain ]
| 000 -LEADER | |
|---|---|
| fixed length control field | 00578cam a22001451 4500 |
| 082 ## - DEWEY DECIMAL CLASSIFICATION NUMBER | |
| Classification number | 940.4 |
| Author Mark | HIS |
| -- | D |
| 100 1# - MAIN ENTRY--PERSONAL NAME | |
| Personal name | Wauchope, Arthur Grenfell, |
| 9 (RLIN) | 49635 |
| 245 02 - TITLE STATEMENT | |
| Title | A history of the Black Watch <Royal Highlanders> in the great war, 1914-1918, |
| Statement of responsibility, etc. | edited by Major-General A.G. Wauchope. |
| 260 ## - PUBLICATION, DISTRIBUTION, ETC. | |
| Place of publication, distribution, etc. | London, |
| Name of publisher, distributor, etc. | The Medici society limited, |
| Date of publication, distribution, etc. | 1925- |
| 300 ## - PHYSICAL DESCRIPTION | |
| Extent | v. |
| Other physical details | front., plates, ports., maps (part. fold.) |
| Dimensions | 26 cm. |
| 526 ## - STUDY PROGRAM INFORMATION NOTE | |
| Program name | 0 |
| Interest level | 0 |
| Reading level | 0 |
| Title point value | 940_400000000000000_HIS |
| 650 #0 - SUBJECT ADDED ENTRY--TOPICAL TERM | |
| Topical term or geographic name entry element | MCE |
| 9 (RLIN) | 379 |
| 650 #0 - SUBJECT ADDED ENTRY--TOPICAL TERM | |
| Topical term or geographic name entry element | World War, 1914-1918 |
| General subdivision | Regimental histories |
| Geographic subdivision | Great Britain. |
| 942 ## - ADDED ENTRY ELEMENTS (KOHA) | |
| Source of classification or shelving scheme | |
| Koha item type | Book |
| Withdrawn status | Lost status | Source of classification or shelving scheme | Damaged status | Not for loan | Permanent Location | Current Location | Shelving location | Date acquired | Total Checkouts | Full call number | Barcode | Date last seen | Price effective from | Koha item type |
|---|---|---|---|---|---|---|---|---|---|---|---|---|---|---|
| Military College of Engineering (MCE) | Military College of Engineering (MCE) | 01/15/2015 | 940.4 HIS | MCE-ECH/79 | 01/15/2015 | 01/15/2015 | Book |
